00786nam a22002657a 4500003000500000005001700005008004100022010001000063011001000073035001000083040000900093082001500102100002500117245005700142260006000199300002200259490003500281650003700316650002700353650002900380650003200409650002600441700001800467830003500485CHAP20220817041255.0971013s1989 r 00010 d a10090 a11062 a10300 cCHAP a631.41bS300aSawhney, Brij L.eed aReactions and movement of organic chemicals in soils aMadison, Wis. :bSoil Science Society of America,c1989 a474 p.b; gráfs aSSSA Special publicationv; 2214aAgua subterraneaxContaminacion.14aSuelosxComposición.14aSuelosxContaminación.14aSuelosxMateria orgánica.14aSuelosxQuímica de.0 aBrown, K.eed0 aSSSA Special publicationv; 22